Cidades mais visitadas da Europa - Statistics

Estatísticas Gerais
  • Esse quiz foi jogado 649 vezes
  • A pontuação média é 19 de 27
Estatísticas das Respostas
Hint Resposta País % Correto
15,02 Paris França
100%
18,58 Londres Reino Unido
99%
9,56 Roma Itália
99%
4,16 Atenas Grécia
96%
6,61 Barcelona Espanha
96%
2,91 Lisboa Portugal
95%
4,93 Berlim Alemanha
93%
6,97 Praga Républica Checa
91%
5,72 Viena Áustria
91%
6,68 Milão Itália
90%
4,60 Madrid Espanha
89%
4,60 Dublin Irlanda
86%
3,19 Bruxelas Bélgica
84%
5,49 Veneza Itália
80%
3,78 Budapeste Hungria
79%
2,65 Varsóvia Polónia
79%
3,25 Munique Alemanha
76%
2,05 Sofia Bulgária
75%
2,84 São Petersburgo Rússia
60%
2,24 Frankfurt Alemanha
54%
4,92 Florença Itália
50%
4,42 Moscovo Rússia
49%
2,52 Cracóvia Polónia
38%
2,27 Nice França
34%
5,90 Amesterdão Holanda
25%
2,84 Burgas Bulgária
4%
2,56 Heraklion Grécia
2%
Nenhum quiz correspondente encontrado
Distribuição das Pontuações
Porcentagem de Pessoas com Cada Pontuação
Percentil de Números Respondidos
Sua Pontuação Histórica
Você não jogou esse quiz